Vista normal
Vista MARC
Entrada Nombre personal
Número de registros utilizados en: 1
001 - NÚMERO DE CONTROL
- campo de control: 74489
003 - IDENTIFICADOR DEL NÚMERO DE CONTROL
- campo de control: BNPHU
005 - FECHA Y HORA DE LA ÚLTIMA TRANSACCIÓN
- campo de control: 20240305125519.0
008 - DATOS DE LONGITUD FIJA
- campo de control de longitud fija: 200615|| aca||aabn | a|a d
040 ## - FUENTE DE LA CATALOGACIÓN
- Centro catalogador/agencia de origen: DO-SdBNP
- Lengua de catalogación: spa
- Centro/agencia transcriptor: BNPHU
- Normas de descripción: rda
082 #4 - SIGNATURA TOPOGRÁFICA DECIMAL DEWEY
- Número de clasificación: RD861.5
- Número de documento/Ítem: T853r
100 1# - ENCABEZAMIENTO-NOMBRE DE PERSONA
- Nombre de persona: Troncoso Parady, Harry,
- Fechas asociadas al nombre: 1981-
370 ## - LUGAR ASOCIADO
- Lugar de nacimiento: Santo Domingo (República Dominicana)
375 ## - GÉNERO/SEXO
- Género/Sexo: Masculino
377 ## - LENGUA/LENGUAJE ASOCIADO
- Código del idioma: spa
400 1# - TRAZADO DE VÉASE--NOMBRE DE PERSONA
- Nombre de persona: T. Parady, Harry
- Fechas asociadas al nombre: 1981-
670 ## - FUENTE DE DATOS ENCONTRADOS
- Cita de la fuente: Work cat.: (OSt)45980: Troncoso Parady, Harry, Ruido /, 2015.
670 ## - FUENTE DE DATOS ENCONTRADOS
- Cita de la fuente: Troncoso Parad, Harry. Ruido. Ladiabla, 2015. 94 p.
